MLB Brawls - Statistics

General Stats
  • This quiz has been taken 7 times
  • The average score is 14 of 26
Answer Stats
Date Hint Answer % Correct
May 15, 2016 Punches were thrown after a hard slide into second base. The runner's sunglasses went flying. This was also the season after the bat flip heard around the world. Jose Bautista
100%
April 4, 1993 A Rangers pitcher plunked a White Sox batter, the batter charged, and was put in a headlock by the pitcher. Nolan Ryan
100%
August 5, 2023 "Down goes _______, Down goes _______" -Tom Hamilton Jose Ramirez
80%
Pedro Martinez
80%
Pedro Martinez
80%
Robin Ventura
80%
Tim Anderson
80%
Yordano Ventura
80%
June 30, 2019 A Reds pitcher runs at the opposing team's dugout to take on the entire team. (Hint: One answer is the team the pitcher ran at) Amir Garrett
60%
October 11, 2003 A fight breaks out between the Red Sox and Yankees. These are not the instigators, but a Red Sox pitcher throws a Yankees coach to the ground. Don Zimmer
60%
June 7, 2016 Two young hot heads brawled it out after a hit by pitch in a Royals and Orioles game. Manny Machado
60%
Pirates
60%
September 26, 2013 A Brewers hitter hits a home run and trash-talks around the bases before being stopped by the catcher. Brian McCann
40%
May 29, 2017 This pitcher waited 3 years to get his revenge against this well-known slugger. The brawl included a missed helmet throw and a collision that ended Mitch Morse's career. Bryce Harper
40%
Carlos Gomez
40%
Hunter Strickland
40%
April 8, 2026 Angels vs Braves fight in which the pitcher used the ball to throw a punch. Jorge Soler
40%
October 22, 2000 A broken bat back to the pitcher results in the pitcher throwing the broken bat back at the batter running down the first base line. Mike Piazza
40%
Roger Clemens
40%
Rougned Odor
40%
Yadier Molina
40%
August 10, 2010 After a Reds player made comments about the Cardinals, and later that week, the Cardinals catcher approached him about it. Brandon Phillips
20%
September, 6,1993 A Red Sox vs White Sox brawl where the batter got decked by the first baseman. George Bell
20%
September 24, 1996 A Phillies pitcher hits the Expos Pitcher at-bat. The Expo throws his helmet at the pitcher but misses and spikes it into the ground. Mike Williams
20%
Mo Vaughn
20%
Reynaldo López
20%
No matching quizzes found
Score Distribution
Percent of People with Each Score
Percentile by Number Answered
Your Score History
You have not taken this quiz